El perfeccionamiento de los equipos técnicos de supervisión y directores y el programa de perfeccionamiento docente a distancia: una estrategia compatible
Uloženo v:
| Hlavní autor: | |
|---|---|
| Médium: | Kniha |
| Jazyk: | španělština |
| Vydáno: |
Santiago
C.P.E.I.P
1992
|
| Edice: | Documento de estudio, 3
|
| Témata: | |
| Tagy: |
Přidat tag
Žádné tagy, Buďte první, kdo vytvoří štítek k tomuto záznamu!
|
MARC
| LEADER | 00000nam a2200000 a 4500 | ||
|---|---|---|---|
| 001 | UCW7654 | ||
| 003 | CL-VaPUC | ||
| 008 | 930616e19920000CL |||||||||||||||||spa|d | ||
| 082 | 0 | 4 | |a 370.71 |b PAL |2 21 |
| 100 | |a Palacios Durán, Francisco |e autor |9 352450 | ||
| 245 | 1 | 3 | |a El perfeccionamiento de los equipos técnicos de supervisión y directores y el programa de perfeccionamiento docente a distancia: una estrategia compatible |
| 300 | |a 34 h | ||
| 942 | |c BK | ||
| 945 | |d 19930616 00:00:00 | ||
| 260 | |a Santiago |b C.P.E.I.P |c 1992 | ||
| 650 | 0 | |a Formación profesional de profesores |9 307493 | |
| 583 | |a last modification |c 19930616 00:00:00 |k Rodrigo Vera | ||
| 490 | 0 | |a Documento de estudio, 3 | |
| 999 | |c 220355 |d 220353 | ||
| 952 | |0 0 |1 0 |4 0 |6 370_710000000000000_PAL_1992 |7 0 |8 A |9 212436 |a BIBEDU |b BIBEDU |d 2019-11-15 |i 2806592 |o 370.71 PAL 1992 |p 2806592 |r 2019-11-15 |w 2019-11-15 |y BK |k EDU | ||